000 00639nam a2200217 i 4500
001 bg
100 1 _aMELLER, Wojciech
245 1 0 _aMetody analizy obwodów liniowych /
_cWojciech Meller.
260 _aBydgoszcz :
_bWydawnictwa Uczelniane Akademii Techniczno-Rolniczej,
_ccop. 2003.
300 _a247 s. :
_brys., tab., wykr. ;
_c24 cm.
504 _aBibliogr. s. 243. Indeks.
650 9 _aUkłady elektryczne
655 _aPodręczniki akademickie
020 _a8389334402
040 _cBPK
041 0 _apol
080 _a621.3(075.8)
920 _a83-89334-40-2
942 _cKS
008 s pl f |000 0 pol
999 _c45664
_d45664
856 _uhttp://koha.tu.koszalin.pl/cgi-bin/koha/opac-detail.pl?biblionumber=45664
_yKatalog online BPK